| 000 | 01727nam a2200517 i 4500 | ||
|---|---|---|---|
| 001 | 34689 | ||
| 003 | KOSZ 005 | ||
| 005 | 20220722113910.0 | ||
| 008 | 980627s1997 pl a |000 0 pol | ||
| 015 | _aUWD 1998/8972 | ||
| 020 | _a8386890290 | ||
| 035 | _a991003758019705066 | ||
| 035 | _a(PL-WaBN)b11003030-48omnis_nlop | ||
| 035 | _ab11003030 | ||
| 035 | _a(OCoLC)749242018 | ||
| 035 | _azz2003846857 | ||
| 035 | _a(PL)b0000001100303 | ||
| 035 | _a(EXLNZ-48OMNIS_NETWORK)9910273864105606 | ||
| 040 |
_aWA N _cWA N _dKOSZ 005/HR |
||
| 046 | _k1997 | ||
| 080 | _a62:008 | ||
| 080 | _a005.336 | ||
| 100 | 1 |
_aNasierowski, Wojciech _eAutor |
|
| 245 | 1 | 0 |
_aZarządzanie rozwojem techniki : _bperspektywa krajowych systemów / _cWojciech Nasierowski ; [Polska Fundacja Promocji Kadr]. |
| 260 |
_aWarszawa : _b"Poltext", _c1997. |
||
| 300 |
_a198 s. : _bwykr. ; _c22 cm. |
||
| 336 |
_aTekst _btxt _2rdacontent |
||
| 337 |
_aBez urządzenia pośredniczącego _bn _2rdamedia |
||
| 338 |
_aWolumin _bnc _2rdacarrier |
||
| 380 | _aKsiążki | ||
| 388 | _a1901-2000 | ||
| 388 | _a1989-2000 | ||
| 490 | 1 | _aEuromanagement | |
| 504 | _aBibliogr. s. 185-198. | ||
| 650 | 7 |
_aPostęp techniczny _2DBN |
|
| 650 | 7 | _aPolityka technologiczna | |
| 650 | 7 |
_aZarządzanie rozwojem _2DBN |
|
| 658 | _aInżynieria i technika | ||
| 658 | _aZarządzanie i marketing | ||
| 710 | 2 | _aPolska Fundacja Promocji Kadr | |
| 710 | 2 |
_aWydawnictwo Poltext _4pbl |
|
| 830 | 0 | _aEuromanagement | |
| 856 |
_uhttp://koha.tu.koszalin.pl/cgi-bin/koha/opac-detail.pl?biblionumber=34689 _yKatalog online BPK |
||
| 942 |
_2UKD _cKS |
||
| 999 |
_c34689 _d34689 |
||